Nữ trinh sát : Tuyển tập 5 hồ sơ hấp dẫn trên Tuổi Trẻ 2005
Uloženo v:
| Médium: | Kniha |
|---|---|
| Jazyk: | Undetermined |
| Vydáno: |
Thành phố Hồ Chí Minh
Trẻ
2006
|
| Témata: | |
| Tagy: |
Přidat tag
Žádné tagy, Buďte první, kdo otaguje tento záznam!
|
| Thư viện lưu trữ: | Trung tâm Học liệu Trường Đại học Cần Thơ |
|---|
| LEADER | 00539nam a2200181Ia 4500 | ||
|---|---|---|---|
| 001 | CTU_112410 | ||
| 008 | 210402s9999 xx 000 0 und d | ||
| 020 | |c 32000 | ||
| 082 | |a 895.922301 | ||
| 082 | |b N550 | ||
| 245 | 0 | |a Nữ trinh sát : | |
| 245 | 0 | |b Tuyển tập 5 hồ sơ hấp dẫn trên Tuổi Trẻ 2005 | |
| 260 | |a Thành phố Hồ Chí Minh | ||
| 260 | |b Trẻ | ||
| 260 | |c 2006 | ||
| 650 | |a Short stories, vietanmese | ||
| 904 | |i Minh | ||
| 980 | |a Trung tâm Học liệu Trường Đại học Cần Thơ | ||